LEADER 01445nam 2200445 450 001 9910155041603321 005 20180414095140.0 010 $a1-5361-0142-7 035 $a(CKB)3710000000972890 035 $a(MiAaPQ)EBC4775050 035 $a(EXLCZ)993710000000972890 100 $a20170117h20172017 uy 0 101 0 $aeng 135 $aurcnu|||||||| 181 $2rdacontent 182 $2rdamedia 183 $2rdacarrier 200 00$aChronic disease and disability $eabuse and neglect in childhood and adolescence /$fDonald E. Greydanus, Vincent J. Palusci, Joav Merrick, editors 210 1$aNew York :$cNova Biomedical,$d2017. 210 4$dİ2017 215 $a1 online resource (208 pages) $cillustrations 225 1 $aPediatrics, Child and Adolescent Health 311 $a1-5361-0129-X 320 $aIncludes bibliographical references at the end of each chapters and index. 410 0$aPediatrics, child and adolescent health. 606 $aDiseases$xTreatment 606 $aDiseases$xTreatment$vHandbooks, manuals, etc 615 0$aDiseases$xTreatment. 615 0$aDiseases$xTreatment 676 $a615.854 702 $aGreydanus$b Donald E. 702 $aPalusci$b Vincent J. 702 $aMerrick$b Joav 801 0$bMiAaPQ 801 1$bMiAaPQ 801 2$bMiAaPQ 906 $aBOOK 912 $a9910155041603321 996 $aChronic disease and disability$92892724 997 $aUNINA LEADER 04389nam 2200997 450 001 9910827638203321 005 20220310133722.0 010 $a0-520-94225-6 024 7 $a10.1525/9780520942257 035 $a(CKB)3710000000129931 035 $a(EBL)1826809 035 $a(SSID)ssj0001234992 035 $a(PQKBManifestationID)12473562 035 $a(PQKBTitleCode)TC0001234992 035 $a(PQKBWorkID)11222685 035 $a(PQKB)10925412 035 $a(MiAaPQ)EBC1826809 035 $a(DE-B1597)518691 035 $a(OCoLC)1100830262 035 $a(DE-B1597)9780520942257 035 $a(Au-PeEL)EBL1826809 035 $a(CaPaEBR)ebr10882873 035 $a(CaONFJC)MIL617977 035 $a(OCoLC)894227564 035 $a(dli)HEB33867 035 $a(MiU) MIU01100000000000000001101 035 $a(EXLCZ)993710000000129931 100 $a20080129h20082008 uy| 0 101 0 $aeng 135 $aur|n|---||||| 181 $ctxt 182 $cc 183 $acr 200 10$aShush! $egrowing up Jewish under Stalin : a memoir /$fEmil Draitser 210 1$aBerkeley :$cUniversity of California Press,$d[2008] 210 4$dİ2008 215 $a1 online resource (337 p.) 225 1 $aThe S. Mark Taper Foundation imprint in Jewish studies 300 $aDescription based upon print version of record. 311 $a0-520-25446-5 311 08$a9780520254466 311 08$a9780520942257 327 $aHow I failed my motherland -- Fathers at war -- Path to paradise -- What's in a name! -- Black shawl -- Us against them -- I don't want to have relatives! -- Friends and enemies -- The girl of my dreams -- How they laugh in Odessa -- Papa and the Soviets -- A dependent -- Without declarations -- Who's who -- A strange orange -- Who are you? -- One Passover in Odessa -- On commissars, cosmopolites, and lightbulb inventors -- Them! -- No kith, no kin -- Grandpa Uri -- Missing Mikhoels -- Black on white -- Time like glass -- The death of Stalin. 330 $aMany years after making his way to America from Odessa in Soviet Ukraine, Emil Draitser made a startling discovery: every time he uttered the word "Jewish"-even in casual conversation-he lowered his voice. This behavior was a natural by-product, he realized, of growing up in the anti-Semitic, post-Holocaust Soviet Union, when "Shush!" was the most frequent word he heard: "Don't use your Jewish name in public. Don't speak a word of Yiddish. And don't cry over your murdered relatives." This compelling memoir conveys the reader back to Draitser's childhood and provides a unique account of midtwentieth-century life in Russia as the young Draitser struggles to reconcile the harsh values of Soviet society with the values of his working-class Jewish family. Lively, evocative, and rich with humor, this unforgettable story ends with the death of Stalin and, through life stories of the author's ancestors, presents a sweeping panorama of two centuries of Jewish history in Russia. 410 0$aS. Mark Taper Foundation imprint in Jewish studies. 517 3 $aGrowing up Jewish under Stalin :$ea memoir 606 $aJews$zUkraine$zOdesa$vBiography 607 $aOdesa (Ukraine)$vBiography 610 $a20th century russian culture. 610 $a20th century russian society. 610 $aamerican immigrant. 610 $aanti semitism. 610 $aautobiography. 610 $acommunism. 610 $acommunist party of ukraine. 610 $aemotional. 610 $afamily. 610 $ahumor. 610 $ahumorous. 610 $ajewish family. 610 $ajewish history in russia. 610 $ajewish immigrant. 610 $ajudaism. 610 $amemoir. 610 $aodessa. 610 $apost holocaust soviet union. 610 $aretrospective. 610 $asoviet society. 610 $asoviet ukraine. 610 $asoviet union. 610 $astalin. 610 $aukraine. 610 $aukrainian soviet socialist republic. 610 $aunited states of america. 610 $aworking class. 615 0$aJews 676 $a305.892/404772092 676 $aB 700 $aDraitser$b Emil$f1937-$01626124 801 0$bMiAaPQ 801 1$bMiAaPQ 801 2$bMiAaPQ 906 $aBOOK 912 $a9910827638203321 996 $aShush$93961979 997 $aUNINA